<?xml version="1.0" encoding="UTF-8"?>
<collection xmlns="http://www.loc.gov/MARC21/slim">
 <record>
  <leader>03897cam a2200817   4500</leader>
  <controlfield tag="001">234154446</controlfield>
  <controlfield tag="003">DE-627</controlfield>
  <controlfield tag="005">20240909113843.0</controlfield>
  <controlfield tag="007">tu</controlfield>
  <controlfield tag="008">970913s1997    gw ||||| b    00| ||ger c</controlfield>
  <datafield tag="015" ind1=" " ind2=" ">
   <subfield code="a">97,N39,0875</subfield>
   <subfield code="2">dnb</subfield>
  </datafield>
  <datafield tag="015" ind1=" " ind2=" ">
   <subfield code="a">98,A03,1531</subfield>
   <subfield code="2">dnb</subfield>
  </datafield>
  <datafield tag="016" ind1="7" ind2=" ">
   <subfield code="a">951383477</subfield>
   <subfield code="2">DE-101</subfield>
  </datafield>
  <datafield tag="020" ind1=" " ind2=" ">
   <subfield code="a">3777297259</subfield>
   <subfield code="c"> (Gewebe)</subfield>
   <subfield code="9">3-7772-9725-9</subfield>
  </datafield>
  <datafield tag="035" ind1=" " ind2=" ">
   <subfield code="a">(DE-627)234154446</subfield>
  </datafield>
  <datafield tag="035" ind1=" " ind2=" ">
   <subfield code="a">(DE-576)061852597</subfield>
  </datafield>
  <datafield tag="035" ind1=" " ind2=" ">
   <subfield code="a">(DE-599)DNB951383477</subfield>
  </datafield>
  <datafield tag="035" ind1=" " ind2=" ">
   <subfield code="a">(OCoLC)231706739</subfield>
  </datafield>
  <datafield tag="035" ind1=" " ind2=" ">
   <subfield code="a">(OCoLC)38158284</subfield>
  </datafield>
  <datafield tag="040" ind1=" " ind2=" ">
   <subfield code="a">DE-627</subfield>
   <subfield code="b">ger</subfield>
   <subfield code="c">DE-627</subfield>
   <subfield code="e">rda</subfield>
  </datafield>
  <datafield tag="041" ind1=" " ind2=" ">
   <subfield code="a">ger</subfield>
  </datafield>
  <datafield tag="044" ind1=" " ind2=" ">
   <subfield code="c">XA-DE</subfield>
  </datafield>
  <datafield tag="050" ind1=" " ind2="0">
   <subfield code="a">Z2234.F4</subfield>
  </datafield>
  <datafield tag="050" ind1=" " ind2="0">
   <subfield code="a">PT772</subfield>
  </datafield>
  <datafield tag="082" ind1="0" ind2=" ">
   <subfield code="a">016.833/914080355</subfield>
  </datafield>
  <datafield tag="084" ind1=" " ind2=" ">
   <subfield code="a">53</subfield>
   <subfield code="2">sdnb</subfield>
  </datafield>
  <datafield tag="084" ind1=" " ind2=" ">
   <subfield code="a">GB 1664</subfield>
   <subfield code="2">rvk</subfield>
   <subfield code="0">(DE-625)rvk/38069:</subfield>
  </datafield>
  <datafield tag="084" ind1=" " ind2=" ">
   <subfield code="a">NW 7000</subfield>
   <subfield code="2">rvk</subfield>
   <subfield code="0">(DE-625)rvk/132289:</subfield>
  </datafield>
  <datafield tag="084" ind1=" " ind2=" ">
   <subfield code="a">01.18</subfield>
   <subfield code="2">bkl</subfield>
  </datafield>
  <datafield tag="084" ind1=" " ind2=" ">
   <subfield code="a">17.93</subfield>
   <subfield code="2">bkl</subfield>
  </datafield>
  <datafield tag="084" ind1=" " ind2=" ">
   <subfield code="a">18.10</subfield>
   <subfield code="2">bkl</subfield>
  </datafield>
  <datafield tag="090" ind1=" " ind2=" ">
   <subfield code="a">a</subfield>
  </datafield>
  <datafield tag="100" ind1="1" ind2=" ">
   <subfield code="a">Pleßke, Hans-Martin</subfield>
   <subfield code="d">1928-2010</subfield>
   <subfield code="e">ZusammenstellendeR</subfield>
   <subfield code="0">(DE-588)121498581</subfield>
   <subfield code="0">(DE-627)081347227</subfield>
   <subfield code="0">(DE-576)162574126</subfield>
   <subfield code="4">com</subfield>
  </datafield>
  <datafield tag="245" ind1="1" ind2="0">
   <subfield code="a">Beruf und Arbeit in deutschsprachiger Prosa seit 1945</subfield>
   <subfield code="b">ein bibliographisches Lexikon</subfield>
   <subfield code="c">Hans-Martin Plesske</subfield>
  </datafield>
  <datafield tag="264" ind1=" " ind2="1">
   <subfield code="a">Stuttgart</subfield>
   <subfield code="b">Anton Hiersemann</subfield>
   <subfield code="c">1997</subfield>
  </datafield>
  <datafield tag="300" ind1=" " ind2=" ">
   <subfield code="a">XIII Seiten, 870 Spalten</subfield>
   <subfield code="c">28 cm</subfield>
  </datafield>
  <datafield tag="336" ind1=" " ind2=" ">
   <subfield code="a">Text</subfield>
   <subfield code="b">txt</subfield>
   <subfield code="2">rdacontent</subfield>
  </datafield>
  <datafield tag="337" ind1=" " ind2=" ">
   <subfield code="a">ohne Hilfsmittel zu benutzen</subfield>
   <subfield code="b">n</subfield>
   <subfield code="2">rdamedia</subfield>
  </datafield>
  <datafield tag="338" ind1=" " ind2=" ">
   <subfield code="a">Band</subfield>
   <subfield code="b">nc</subfield>
   <subfield code="2">rdacarrier</subfield>
  </datafield>
  <datafield tag="490" ind1="1" ind2=" ">
   <subfield code="a">Hiersemanns bibliographische Handbücher</subfield>
   <subfield code="v">Band 14</subfield>
  </datafield>
  <datafield tag="583" ind1="1" ind2=" ">
   <subfield code="a">Archivierung/Langzeitarchivierung gewährleistet</subfield>
   <subfield code="f">PEBW</subfield>
   <subfield code="x">XA-DE-BW</subfield>
   <subfield code="2">pdager</subfield>
   <subfield code="5">DE-24</subfield>
  </datafield>
  <datafield tag="648" ind1=" " ind2="4">
   <subfield code="a">Geschichte 1945-1995</subfield>
  </datafield>
  <datafield tag="653" ind1=" " ind2="0">
   <subfield code="a">a</subfield>
   <subfield code="a">German fiction</subfield>
   <subfield code="a">20th century</subfield>
  </datafield>
  <datafield tag="653" ind1=" " ind2="0">
   <subfield code="a">a</subfield>
   <subfield code="a">Occupations in literature</subfield>
  </datafield>
  <datafield tag="655" ind1=" " ind2="7">
   <subfield code="a">Bibliografie</subfield>
   <subfield code="0">(DE-588)4006432-3</subfield>
   <subfield code="0">(DE-627)104814519</subfield>
   <subfield code="0">(DE-576)208865578</subfield>
   <subfield code="2">gnd-content</subfield>
  </datafield>
  <datafield tag="689" ind1="0" ind2="0">
   <subfield code="d">s</subfield>
   <subfield code="0">(DE-588)4113292-0</subfield>
   <subfield code="0">(DE-627)105830437</subfield>
   <subfield code="0">(DE-576)209475285</subfield>
   <subfield code="a">Deutsch</subfield>
   <subfield code="2">gnd</subfield>
  </datafield>
  <datafield tag="689" ind1="0" ind2="1">
   <subfield code="d">s</subfield>
   <subfield code="0">(DE-588)4047497-5</subfield>
   <subfield code="0">(DE-627)104137681</subfield>
   <subfield code="0">(DE-576)209073764</subfield>
   <subfield code="a">Prosa</subfield>
   <subfield code="2">gnd</subfield>
  </datafield>
  <datafield tag="689" ind1="0" ind2="2">
   <subfield code="d">s</subfield>
   <subfield code="0">(DE-588)4204659-2</subfield>
   <subfield code="0">(DE-627)105141682</subfield>
   <subfield code="0">(DE-576)210163585</subfield>
   <subfield code="a">Beruf</subfield>
   <subfield code="g">Motiv</subfield>
   <subfield code="2">gnd</subfield>
  </datafield>
  <datafield tag="689" ind1="0" ind2="3">
   <subfield code="a">z</subfield>
   <subfield code="2">gnd</subfield>
   <subfield code="a">Geschichte 1945-1995</subfield>
  </datafield>
  <datafield tag="689" ind1="0" ind2=" ">
   <subfield code="5">DE-101</subfield>
  </datafield>
  <datafield tag="689" ind1="1" ind2="0">
   <subfield code="d">s</subfield>
   <subfield code="0">(DE-588)4122820-0</subfield>
   <subfield code="0">(DE-627)105759651</subfield>
   <subfield code="0">(DE-576)209554517</subfield>
   <subfield code="a">Arbeit</subfield>
   <subfield code="g">Motiv</subfield>
   <subfield code="2">gnd</subfield>
  </datafield>
  <datafield tag="689" ind1="1" ind2=" ">
   <subfield code="5">DE-101</subfield>
  </datafield>
  <datafield tag="787" ind1="0" ind2="8">
   <subfield code="i">Ergänzung zu</subfield>
   <subfield code="a">Schmitt, Franz Anselm, 1908 - 1978</subfield>
   <subfield code="t">Beruf und Arbeit in deutscher Erzählung</subfield>
   <subfield code="d">Stuttgart : Hiersemann Verlag, 1952</subfield>
   <subfield code="h">XVI Seiten, 668 Spalten</subfield>
   <subfield code="w">(DE-627)1070298050</subfield>
   <subfield code="w">(DE-576)000298050</subfield>
   <subfield code="z">3777252174</subfield>
  </datafield>
  <datafield tag="787" ind1="0" ind2="8">
   <subfield code="i">Rezensiert in</subfield>
   <subfield code="a">Krüger, Jürgen, 1950 - </subfield>
   <subfield code="t">[Rezension von: Hans-Martin Pleßke, Beruf und Arbeit in deutschsprachiger Prosa seit 1945]</subfield>
   <subfield code="d">1999</subfield>
   <subfield code="w">(DE-627)1547126183</subfield>
   <subfield code="w">(DE-576)477126189</subfield>
  </datafield>
  <datafield tag="830" ind1=" " ind2="0">
   <subfield code="a">Hiersemanns bibliographische Handbücher</subfield>
   <subfield code="v">Band 14</subfield>
   <subfield code="9">14</subfield>
   <subfield code="w">(DE-627)130267805</subfield>
   <subfield code="w">(DE-576)009165622</subfield>
   <subfield code="w">(DE-600)561547-1</subfield>
   <subfield code="x">0170-2408</subfield>
   <subfield code="7">ns</subfield>
  </datafield>
  <datafield tag="856" ind1="4" ind2="2">
   <subfield code="u">http://www.bsz-bw.de/depot/media/3400000/3421000/3421308/98%5f0240.html</subfield>
   <subfield code="x">Verlag</subfield>
   <subfield code="3">Rezension</subfield>
  </datafield>
  <datafield tag="935" ind1=" " ind2=" ">
   <subfield code="a">BGTS</subfield>
  </datafield>
  <datafield tag="935" ind1=" " ind2=" ">
   <subfield code="i">sf</subfield>
  </datafield>
  <datafield tag="936" ind1="r" ind2="v">
   <subfield code="a">GB 1664</subfield>
   <subfield code="b">Literaturwissenschaftliche Bibliografien zu einzelnen / Sachbegriffen (Sachgebieten)</subfield>
   <subfield code="k">Germanistik. Niederlandistik. Skandinavistik</subfield>
   <subfield code="k">Germanistik. Allgemeines</subfield>
   <subfield code="k">Bibliografien</subfield>
   <subfield code="k">Literaturwissenschaftliche Bibliografien zu einzelnen / Sachbegriffen (Sachgebieten)</subfield>
   <subfield code="0">(DE-627)1270851489</subfield>
   <subfield code="0">(DE-625)rvk/38069:</subfield>
   <subfield code="0">(DE-576)200851489</subfield>
  </datafield>
  <datafield tag="936" ind1="r" ind2="v">
   <subfield code="a">NW 7000</subfield>
   <subfield code="b">Allgemeines</subfield>
   <subfield code="k">Geschichte</subfield>
   <subfield code="k">Wirtschafts- und Sozialgeschichte</subfield>
   <subfield code="k">Spezielle Sozialgeschichte</subfield>
   <subfield code="k">Allgemeines</subfield>
   <subfield code="0">(DE-627)1271496356</subfield>
   <subfield code="0">(DE-625)rvk/132289:</subfield>
   <subfield code="0">(DE-576)201496356</subfield>
  </datafield>
  <datafield tag="936" ind1="b" ind2="k">
   <subfield code="a">01.18</subfield>
   <subfield code="j">Spezialbibliographien</subfield>
   <subfield code="0">(DE-627)106403338</subfield>
  </datafield>
  <datafield tag="936" ind1="b" ind2="k">
   <subfield code="a">17.93</subfield>
   <subfield code="j">Literarische Stoffe</subfield>
   <subfield code="j">literarische Motive</subfield>
   <subfield code="j">literarische Themen</subfield>
   <subfield code="0">(DE-627)106404490</subfield>
  </datafield>
  <datafield tag="936" ind1="b" ind2="k">
   <subfield code="a">18.10</subfield>
   <subfield code="j">Deutsche Literatur</subfield>
   <subfield code="0">(DE-627)106405047</subfield>
  </datafield>
  <datafield tag="951" ind1=" " ind2=" ">
   <subfield code="a">BO</subfield>
  </datafield>
  <datafield tag="990" ind1=" " ind2=" ">
   <subfield code="a">Deutsch</subfield>
  </datafield>
  <datafield tag="990" ind1=" " ind2=" ">
   <subfield code="a">Prosa</subfield>
  </datafield>
  <datafield tag="990" ind1=" " ind2=" ">
   <subfield code="a">Beruf</subfield>
  </datafield>
  <datafield tag="990" ind1=" " ind2=" ">
   <subfield code="a">Geschichte 1945-1995</subfield>
  </datafield>
  <datafield tag="990" ind1=" " ind2=" ">
   <subfield code="a">Arbeit</subfield>
  </datafield>
  <datafield tag="991" ind1=" " ind2=" ">
   <subfield code="a">Rezensiertes Werk</subfield>
  </datafield>
  <datafield tag="999" ind1=" " ind2=" ">
   <subfield code="a">KXP-PPN234154446</subfield>
   <subfield code="e">4020932549</subfield>
  </datafield>
 </record>
</collection>
